000 00434nam a22001697a 4500
003 koha_MIRAKIL
005 20231213065248.0
008 231213b |||||||| |||| 00| 0 ||| d
040 _aTR-IsEVY
_btur
_cTR-IsEVY
082 _a920 ARA/M
100 _aARAZ, NEZİHE.
245 0 _aMUSTAFA KEMAL'LE 1000 GÜN.
260 _bDÜNYA KİTAPLARI,
_c2007
300 _a[ ] p.
650 _aBiyografi, Şecere, Nişanlar.
942 _2ddc
_cBK
999 _c647
_d647